Thời gian đi chưa hết một trang Kiều Tiểu luận và thơ

Αποθηκεύτηκε σε:
Λεπτομέρειες βιβλιογραφικής εγγραφής
Κύριος συγγραφέας: Ngô, Viết Dinh
Μορφή: Βιβλίο
Γλώσσα:Undetermined
Έκδοση: H. Thanh niên 2007
Θέματα:
Διαθέσιμο Online:http://lrc.tdmu.edu.vn/opac/search/detail.asp?aID=2&ID=3304
Ετικέτες: Προσθήκη ετικέτας
Δεν υπάρχουν, Καταχωρήστε ετικέτα πρώτοι!
Thư viện lưu trữ: Trung tâm Học liệu Trường Đại học Thủ Dầu Một
LEADER 00708nam a2200205Ia 4500
001 TDMU_3304
008 210410s9999 xx 000 0 und d
082 |a 895.9221009 
090 |b NG450 
100 |a Ngô, Viết Dinh 
245 0 |a Thời gian đi chưa hết một trang Kiều 
245 0 |b Tiểu luận và thơ 
245 0 |c Ngô Viết Dinh 
260 |a H. 
260 |b Thanh niên 
260 |c 2007 
300 |a 1000tr. 
650 |a Nguyễn, Du; Văn học Việt Nam  |v Tiểu luận; Thi ca Việt  |x Phê bình 
856 |u http://lrc.tdmu.edu.vn/opac/search/detail.asp?aID=2&ID=3304 
980 |a Trung tâm Học liệu Trường Đại học Thủ Dầu Một